[Event "RUS-chT rapid"]
[Site "Sochi"]
[Date "2016.10.05"]
[Round "3.1"]
[White "Bocharov, Dmitry"]
[Black "Kamsky, Gata"]
[Result "1-0"]
[WhiteElo "2611"]
[BlackElo "2637"]
[PlyCount "206"]
[EventDate "2016.10.05"]
[EventType "team-swiss (rapid)"]
[EventRounds "9"]
[EventCountry "RUS"]
[SourceTitle "EXT 2017"]
[Source "ChessBase"]
[SourceDate "2016.10.25"]
[SourceVersion "1"]
[SourceVersionDate "2016.10.25"]
[SourceQuality "1"]
[WhiteTeam "Dasmar Krasnoyarsk Region"]
[BlackTeam "Tatarstan Rook"]
[WhiteTeamCountry "RUS"]
[BlackTeamCountry "RUS"]

1. c4 c6 2. Nf3 Nf6 3. Nc3 d5 4. e3 g6 5. d4 Bg7 6. Bd3 O-O 7. h3 b6 8. O-O Bb7
9. Qe2 e6 10. b3 Nbd7 11. Bb2 Re8 12. Rfd1 Qc7 13. Rac1 Rad8 14. b4 Qb8 15. a4
dxc4 16. Bxc4 Nd5 17. Na2 f5 18. b5 c5 19. dxc5 Nxc5 20. Bxg7 Kxg7 21. Bxd5
Rxd5 22. Rxd5 Bxd5 23. Nb4 Qb7 24. Nd4 Nxa4 25. Nxd5 exd5 26. Rc6 Nc5 27. Qf3
Qf7 28. Rd6 Ne4 29. Rc6 Re7 30. Qf4 Nc5 31. h4 Nd3 32. Qg5 Re8 33. h5 Ne5 34.
Rd6 Ng4 35. g3 Ne5 36. Kg2 Ng4 37. Ne2 Qe7 38. Qxe7+ Rxe7 39. hxg6 hxg6 40. Nf4
Nf6 41. Rxf6 Kxf6 42. Nxd5+ Ke6 43. Nxe7 Kxe7 44. Kf3 Kd6 45. g4 fxg4+ 46. Kxg4
Kc5 47. Kg5 Kxb5 48. Kxg6 a5 49. e4 a4 50. e5 a3 51. e6 a2 52. e7 a1=Q 53.
e8=Q+ Kc5 54. Qe7+ Kd5 55. f4 Qg1+ 56. Kf7 b5 57. f5 Kc4 58. Qe4+ Kb3 59. Qd5+
Ka4 60. Qa2+ Kb4 61. f6 Qg5 62. Qb2+ Ka4 63. Qc2+ Ka3 64. Qd3+ Ka4 65. Qd1+ Ka5
66. Qa1+ Kb4 67. Qd4+ Ka3 68. Ke6 Qg6 69. Qa1+ Kb3 70. Qd1+ Ka3 71. Qf3+ Ka4
72. Qa8+ Kb3 73. Qd5+ Ka4 74. Ke7 b4 75. f7 Qh7 76. Qc6+ Ka3 77. Qa6+ Kb3 78.
Qe6+ Ka3 79. Ke8 Qh5 80. Kd8 Qg5+ 81. Kd7 Qb5+ 82. Qc6 Qf5+ 83. Qe6 Qb5+ 84.
Kd8 Qg5+ 85. Ke8 Qb5+ 86. Qd7 Qh5 87. Qe7 Qb5+ 88. Kf8 Qb8+ 89. Kg7 Qg3+ 90.
Kf6 Qh4+ 91. Ke6 Qe4+ 92. Kd6 Qd4+ 93. Kc6 Qc4+ 94. Kb6 Qd4+ 95. Kb7 Qd5+ 96.
Kb8 Qb5+ 97. Qb7 Qe5+ 98. Ka8 Qf6 99. Qa7+ Kb2 100. Qd7 b3 101. Qd2+ Ka1 102.
Qd1+ Ka2 103. Qd5 Qe7 1-0

[Event "RUS-chT rapid"]
[Site "Sochi"]
[Date "2016.10.05"]
[Round "4.2"]
[White "Morozevich, Alexander"]
[Black "Kamsky, Gata"]
[Result "1-0"]
[WhiteElo "2683"]
[BlackElo "2637"]
[PlyCount "51"]
[EventDate "2016.10.05"]
[EventType "team-swiss (rapid)"]
[EventRounds "9"]
[EventCountry "RUS"]
[SourceTitle "EXT 2017"]
[Source "ChessBase"]
[SourceDate "2016.10.25"]
[SourceVersion "1"]
[SourceVersionDate "2016.10.25"]
[SourceQuality "1"]
[WhiteTeam "Moscow SHSM"]
[BlackTeam "Tatarstan Rook"]
[WhiteTeamCountry "RUS"]
[BlackTeamCountry "RUS"]

1. d4 f5 2. Bf4 Nf6 3. e3 d6 4. Nc3 g6 5. h4 Be6 6. Nf3 h6 7. Bd3 c6 8. e4 fxe4
9. Nxe4 Nxe4 10. Bxe4 Bf5 11. Nd2 Qd7 12. Qe2 Na6 13. Bxf5 gxf5 14. Qh5+ Kd8
15. O-O Nb4 16. c4 Nc2 17. Rad1 Nxd4 18. Nb3 Nxb3 19. axb3 b6 20. Be5 Rh7 21.
Qg6 e6 22. Bxd6 Bxd6 23. Qg8+ Kc7 24. Qxa8 c5 25. Qxa7+ Kc6 26. Rxd6+ 1-0

[Event "RUS-chT rapid"]
[Site "Sochi"]
[Date "2016.10.06"]
[Round "6.5"]
[White "Romanov, Evgeny"]
[Black "Kamsky, Gata"]
[Result "0-1"]
[WhiteElo "2619"]
[BlackElo "2637"]
[PlyCount "104"]
[EventDate "2016.10.05"]
[EventType "team-swiss (rapid)"]
[EventRounds "9"]
[EventCountry "RUS"]
[SourceTitle "EXT 2017"]
[Source "ChessBase"]
[SourceDate "2016.10.25"]
[SourceVersion "1"]
[SourceVersionDate "2016.10.25"]
[SourceQuality "1"]
[WhiteTeam "St Petersburg SDYUSSHOR"]
[BlackTeam "Tatarstan Rook"]
[WhiteTeamCountry "RUS"]
[BlackTeamCountry "RUS"]

1. d4 f5 2. c4 Nf6 3. Nc3 d6 4. Bg5 Nbd7 5. e3 g6 6. Bd3 Bg7 7. Nge2 e5 8. f3
O-O 9. O-O b6 10. b4 Bb7 11. Qd2 Kh8 12. Rad1 Re8 13. Bb1 a5 14. b5 Qc8 15.
Rfe1 Re6 16. Nd5 Nxd5 17. cxd5 Bxd5 18. dxe5 Bc4 19. exd6 Rxd6 20. Nd4 Bxb5 21.
Qc2 Ba6 22. Be7 Rd5 23. Ne6 Re5 24. Nxg7 Rxe7 25. Nxf5 gxf5 26. Qc3+ Kg8 27.
Bxf5 Qe8 28. Be4 Rxe4 29. fxe4 Nc5 30. Rd5 Qe7 31. Red1 Re8 32. h3 h6 33. R1d4
Bb7 34. Rh5 Bxe4 35. Qd2 Kh7 36. Qf2 Bg6 37. Rhh4 Qxe3 38. Qxe3 Rxe3 39. Rd8
Re2 40. Rf4 Rxa2 41. Rf6 Kg7 42. Rc6 Rxg2+ 43. Kf1 Rg5 44. Rxc7+ Bf7 45. Rd6 b5
46. Rd2 Ne4 47. Rd4 Nf6 48. Ra7 b4 49. Rc4 Nd5 50. Rc6 b3 51. Kf2 b2 52. Rb7
Nb4 0-1

[Event "RUS-chT rapid"]
[Site "Sochi"]
[Date "2016.10.06"]
[Round "7.3"]
[White "Kamsky, Gata"]
[Black "Rozum, Ivan"]
[Result "1-0"]
[WhiteElo "2637"]
[BlackElo "2590"]
[PlyCount "87"]
[EventDate "2016.10.05"]
[EventType "team-swiss (rapid)"]
[EventRounds "9"]
[EventCountry "RUS"]
[SourceTitle "EXT 2017"]
[Source "ChessBase"]
[SourceDate "2016.10.25"]
[SourceVersion "1"]
[SourceVersionDate "2016.10.25"]
[SourceQuality "1"]
[WhiteTeam "Tatarstan Rook"]
[BlackTeam "Vologda Region"]
[WhiteTeamCountry "RUS"]
[BlackTeamCountry "RUS"]

1. d4 Nf6 2. Bf4 e6 3. e3 b6 4. Nf3 Bb7 5. Nbd2 Be7 6. h3 O-O 7. Bd3 c5 8. O-O
cxd4 9. exd4 d6 10. Bh2 Nbd7 11. Re1 Qc7 12. a4 Rfe8 13. a5 Bf8 14. a6 Bc6 15.
c4 Rac8 16. b4 Qb8 17. b5 Ba8 18. Rc1 Qc7 19. Bg3 Qd8 20. Ne4 Nxe4 21. Bxe4
Bxe4 22. Rxe4 d5 23. cxd5 Rxc1 24. Qxc1 Nf6 25. Bh4 Qxd5 26. Re5 Qd7 27. Bxf6
gxf6 28. Rh5 Rc8 29. Qf4 Qd6 30. Qe3 Qb4 31. g3 Qb1+ 32. Kg2 Bg7 33. g4 Qc2 34.
Qf4 Qd3 35. Qd6 Qe4 36. Qd7 Rc3 37. Qd8+ Bf8 38. Qxf6 h6 39. Re5 Qd3 40. Re3
Qc4 41. Rxc3 Qxc3 42. Ne5 Qc7 43. Nc6 Qd7 44. Qd8 1-0

[Event "RUS-chT rapid"]
[Site "Sochi"]
[Date "2016.10.06"]
[Round "8.3"]
[White "Kamsky, Gata"]
[Black "Ponkratov, Pavel"]
[Result "1/2-1/2"]
[WhiteElo "2637"]
[BlackElo "2589"]
[PlyCount "132"]
[EventDate "2016.10.05"]
[EventType "team-swiss (rapid)"]
[EventRounds "9"]
[EventCountry "RUS"]
[SourceTitle "EXT 2017"]
[Source "ChessBase"]
[SourceDate "2016.10.25"]
[SourceVersion "1"]
[SourceVersionDate "2016.10.25"]
[SourceQuality "1"]
[WhiteTeam "Tatarstan Rook"]
[BlackTeam "Malachite Sverdlovsk Region"]
[WhiteTeamCountry "RUS"]
[BlackTeamCountry "RUS"]

1. d4 Nf6 2. Bf4 c5 3. e3 Qb6 4. Nf3 e6 5. Na3 cxd4 6. Nb5 Nd5 7. Qxd4 Qa5+ 8.
Qd2 Qxd2+ 9. Nxd2 Nxf4 10. exf4 Na6 11. c3 Be7 12. Ne4 d5 13. Ned6+ Bxd6 14.
Nxd6+ Ke7 15. Nb5 Bd7 16. Nd4 Nb8 17. Bd3 Nc6 18. Nf3 h6 19. h4 Rhd8 20. O-O
Rab8 21. Rfe1 Kf8 22. a4 Be8 23. Nd4 Rbc8 24. a5 Nxd4 25. cxd4 Rc7 26. Rec1
Rdc8 27. Rxc7 Rxc7 28. Kf1 a6 29. Ra3 Rc1+ 30. Ke2 Bc6 31. Kd2 Rh1 32. g3 Ke7
33. Rc3 Ra1 34. Ra3 Rh1 35. Rc3 Ra1 36. Bxa6 Kd6 37. Bd3 Rxa5 38. Ra3 Rxa3 39.
bxa3 f6 40. Bg6 Bd7 41. Kc3 b6 42. Kb4 Kc6 43. Kc3 Kd6 44. Kd2 Kc6 45. g4 Kd6
46. g5 Bb5 47. Ke3 Bc4 48. Kf3 Bb5 49. Bc2 Ke7 50. Ke3 Kd6 51. Bb3 Be8 52. Bd1
Bb5 53. Bc2 Be8 54. Bd3 Ba4 55. Kf3 Ke7 56. Be2 Be8 57. Ke3 Kd6 58. Bd3 Ba4 59.
Kd2 Be8 60. Be2 Ba4 61. Bh5 Bd7 62. Bf7 Ke7 63. Bg6 Kd6 64. Kc3 Bb5 65. Kd2 Bd7
66. Ke3 Bb5 1/2-1/2

[Event "RUS-chT rapid"]
[Site "Sochi"]
[Date "2016.10.06"]
[Round "9.3"]
[White "Chigaev, Maksim"]
[Black "Kamsky, Gata"]
[Result "0-1"]
[WhiteElo "2551"]
[BlackElo "2637"]
[PlyCount "70"]
[EventDate "2016.10.05"]
[EventType "team-swiss (rapid)"]
[EventRounds "9"]
[EventCountry "RUS"]
[SourceTitle "EXT 2017"]
[Source "ChessBase"]
[SourceDate "2016.10.25"]
[SourceVersion "1"]
[SourceVersionDate "2016.10.25"]
[SourceQuality "1"]
[WhiteTeam "Bulbasaur Samara Region"]
[BlackTeam "Tatarstan Rook"]
[WhiteTeamCountry "RUS"]
[BlackTeamCountry "RUS"]

1. e4 g6 2. d4 Bg7 3. Nc3 d6 4. f4 a6 5. Nf3 b5 6. Bd3 Nd7 7. e5 e6 8. Ne4 Nb6
9. O-O Ne7 10. Qe1 Bb7 11. Kh1 h5 12. b3 Nf5 13. c4 Qd7 14. Ba3 bxc4 15. bxc4
Qa4 16. Qc3 Nxc4 17. Bxc4 Bxe4 18. Nd2 Bd5 19. Bxd5 exd5 20. Qxc7 O-O 21. Bxd6
Rfc8 22. Qb7 Qxd4 23. Nf3 Qxf4 24. Rae1 Re8 25. Bc7 Qa4 26. Qxd5 Qb5 27. Qd1
Rac8 28. Bd6 Rc4 29. Ng5 Rd4 30. Qf3 Nxd6 31. exd6 Rxe1 32. Qxf7+ Kh8 33. Rxe1
Qxg5 34. d7 Kh7 35. h3 Qd5 0-1

[Event "RUS-chT blitz"]
[Site "Sochi"]
[Date "2016.10.07"]
[Round "1.2"]
[White "Kamsky, Gata"]
[Black "Nechaev, Oleg"]
[Result "1/2-1/2"]
[WhiteElo "2637"]
[BlackElo "2358"]
[PlyCount "134"]
[EventDate "2016.10.07"]
[EventType "team-swiss (blitz)"]
[EventRounds "15"]
[EventCountry "RUS"]
[SourceTitle "EXT 2017"]
[Source "ChessBase"]
[SourceDate "2016.10.25"]
[SourceVersion "1"]
[SourceVersionDate "2016.10.25"]
[SourceQuality "1"]
[WhiteTeam "Tatarstan Rook"]
[BlackTeam "Stavropol Region"]
[WhiteTeamCountry "RUS"]
[BlackTeamCountry "RUS"]

1. b3 c5 2. Bb2 Nc6 3. g3 e5 4. Bg2 g6 5. d3 Bg7 6. e3 Nge7 7. Ne2 O-O 8. h3 d6
9. c4 Be6 10. Nbc3 Qd7 11. a3 Rab8 12. Qc2 a6 13. Nd5 b5 14. h4 Bf5 15. Bc3
bxc4 16. bxc4 Bg4 17. O-O Nxd5 18. Bxd5 Ne7 19. Bg2 Bh3 20. e4 Bxg2 21. Kxg2 f5
22. f3 Nc6 23. Rab1 Nd4 24. Nxd4 exd4 25. Bd2 fxe4 26. dxe4 Be5 27. Bh6 Rfe8
28. Rxb8 Rxb8 29. Rb1 Rb7 30. Rxb7 Qxb7 31. Bd2 Kg7 32. a4 Bf6 33. Kf1 Kf7 34.
Kg2 Be5 35. g4 Kg8 36. f4 Bf6 37. Kg3 Kf7 38. h5 Bg7 39. hxg6+ hxg6 40. g5 Qb8
41. Kf2 Bf8 42. Ke2 Be7 43. Kd1 Bf8 44. Kc1 Bg7 45. Qb1 Qxb1+ 46. Kxb1 Ke6 47.
Kc2 Bf8 48. Kd3 Be7 49. Ke2 Bd8 50. Kf3 Be7 51. Kg4 Kf7 52. f5 Bf8 53. Bf4 Be7
54. Kf3 Bf8 55. f6 Ke6 56. Ke2 Kf7 57. Bd2 Ke6 58. Ba5 Kd7 59. Kf3 Ke6 60. Kf4
Kd7 61. Bb6 Kc6 62. Ba5 Kd7 63. Kf3 Ke6 64. Bd2 Kd7 65. Bf4 Ke6 66. Bg3 Kd7 67.
Ke2 Ke6 1/2-1/2

[Event "RUS-chT blitz"]
[Site "Sochi"]
[Date "2016.10.07"]
[Round "3.3"]
[White "Kamsky, Gata"]
[Black "Chigaev, Maksim"]
[Result "0-1"]
[WhiteElo "2637"]
[BlackElo "2551"]
[PlyCount "108"]
[EventDate "2016.10.07"]
[EventType "team-swiss (blitz)"]
[EventRounds "15"]
[EventCountry "RUS"]
[SourceTitle "EXT 2017"]
[Source "ChessBase"]
[SourceDate "2016.10.25"]
[SourceVersion "1"]
[SourceVersionDate "2016.10.25"]
[SourceQuality "1"]
[WhiteTeam "Tatarstan Rook"]
[BlackTeam "Bulbasaur Samara Region"]
[WhiteTeamCountry "RUS"]
[BlackTeamCountry "RUS"]

1. d4 g6 2. Nf3 Bg7 3. c3 d6 4. e4 Nf6 5. Bd3 O-O 6. O-O Nc6 7. h3 e5 8. Re1
Re8 9. Bg5 h6 10. Bh4 a6 11. Nbd2 Bd7 12. dxe5 dxe5 13. Nc4 Qc8 14. Bg3 Nh5 15.
Bh2 b5 16. Ne3 Nf4 17. Bf1 Be6 18. a4 b4 19. Nd2 Rd8 20. Qc2 bxc3 21. bxc3 Na5
22. Rab1 c5 23. Ndc4 Nxc4 24. Bxc4 Bxc4 25. Nxc4 Qe6 26. Nb6 Rab8 27. a5 Rb7
28. c4 Rd4 29. Nd5 Rxb1 30. Rxb1 g5 31. f3 h5 32. Bg3 g4 33. hxg4 hxg4 34. Nxf4
exf4 35. Bxf4 Rxc4 36. Qd3 Bd4+ 37. Kh2 Rc3 38. Rb8+ Kh7 39. Qe2 gxf3 40. gxf3
Qg6 41. Qg2 Qh5+ 42. Qh3 Rc2+ 43. Kg3 Bf2+ 44. Kg2 Bh4+ 45. Kf1 Rf2+ 46. Kg1
Rxf3 47. Qc8 Qg6+ 48. Kh1 Rf1+ 49. Kh2 Qg1+ 50. Kh3 Rf3+ 51. Kxh4 Rxf4+ 52. Kh3
Qf1+ 53. Kh2 Qf2+ 54. Kh3 Rh4# 0-1

[Event "RUS-chT blitz"]
[Site "Sochi"]
[Date "2016.10.07"]
[Round "4.2"]
[White "Morozevich, Alexander"]
[Black "Kamsky, Gata"]
[Result "1-0"]
[WhiteElo "2683"]
[BlackElo "2637"]
[PlyCount "89"]
[EventDate "2016.10.07"]
[EventType "team-swiss (blitz)"]
[EventRounds "15"]
[EventCountry "RUS"]
[SourceTitle "EXT 2017"]
[Source "ChessBase"]
[SourceDate "2016.10.25"]
[SourceVersion "1"]
[SourceVersionDate "2016.10.25"]
[SourceQuality "1"]
[WhiteTeam "Moscow SHSM"]
[BlackTeam "Tatarstan Rook"]
[WhiteTeamCountry "RUS"]
[BlackTeamCountry "RUS"]

1. d4 f5 2. Bf4 Nf6 3. e3 e6 4. Be2 b6 5. Bf3 d5 6. c4 c6 7. Nc3 Bd6 8. Nge2
O-O 9. O-O Ba6 10. cxd5 cxd5 11. Re1 Nc6 12. Qa4 Bb7 13. Nb5 Bxf4 14. Nxf4 Re8
15. Qa3 Re7 16. Rac1 Ne8 17. Rc2 a6 18. Nc3 b5 19. Ncxd5 exd5 20. Bxd5+ Kh8 21.
Bxc6 Rc8 22. d5 Nd6 23. b3 Re4 24. Rec1 b4 25. Qb2 Bxc6 26. Rxc6 Rxc6 27. dxc6
Nb5 28. Ne2 h6 29. h3 Qd6 30. Qc2 Nc7 31. Ng3 Re5 32. Nxf5 Qf6 33. Nd4 Rd5 34.
Qe4 a5 35. Rc4 Rd8 36. g3 Rd5 37. Qf4 Qe7 38. h4 Re5 39. Nf5 Qf6 40. e4 Kh7 41.
Ne3 Qe6 42. Ng4 Rb5 43. Qxc7 Qxg4 44. Qd7 Qxe4 45. Rxe4 1-0

[Event "RUS-chT blitz"]
[Site "Sochi"]
[Date "2016.10.07"]
[Round "5.4"]
[White "Kamsky, Gata"]
[Black "Chos, Alexey"]
[Result "1-0"]
[WhiteElo "2637"]
[BlackElo "2317"]
[PlyCount "80"]
[EventDate "2016.10.07"]
[EventType "team-swiss (blitz)"]
[EventRounds "15"]
[EventCountry "RUS"]
[SourceTitle "EXT 2017"]
[Source "ChessBase"]
[SourceDate "2016.10.25"]
[SourceVersion "1"]
[SourceVersionDate "2016.10.25"]
[SourceQuality "1"]
[WhiteTeam "Tatarstan Rook"]
[BlackTeam "Tauris Krym Republic"]
[WhiteTeamCountry "RUS"]
[BlackTeamCountry "RUS"]

1. d4 Nf6 2. Bf4 d5 3. e3 c6 4. c4 e6 5. Nc3 Bd6 6. Bg3 Bxg3 7. hxg3 h6 8. Nf3
dxc4 9. Bxc4 b5 10. Be2 a6 11. Ne5 Bb7 12. Bf3 Qb6 13. Ne4 Nxe4 14. Bxe4 Nd7
15. Nxd7 Qa5+ 16. Kf1 Kxd7 17. g4 Qb4 18. Qc2 Rac8 19. a3 Qe7 20. b4 Qg5 21.
Bf3 g6 22. Rc1 Ke7 23. g3 Kf8 24. Kg2 Kg7 25. Qb2 Qf6 26. Rc5 Rc7 27. Be4 Ra8
28. Qc3 Rd8 29. f4 Rd6 30. g5 hxg5 31. fxg5 Qe7 32. d5+ e5 33. dxc6 Ba8 34.
Rxe5 Rdxc6 35. Rc5+ f6 36. gxf6+ Qxf6 37. Qxf6+ Kxf6 38. Bxc6 Rxc6 39. Rf1+ Ke7
40. Rxc6 Bxc6+ 1-0

[Event "RUS-chT blitz"]
[Site "Sochi"]
[Date "2016.10.07"]
[Round "6.2"]
[White "Kamsky, Gata"]
[Black "Bocharov, Dmitry"]
[Result "1-0"]
[WhiteElo "2637"]
[BlackElo "2611"]
[PlyCount "87"]
[EventDate "2016.10.07"]
[EventType "team-swiss (blitz)"]
[EventRounds "15"]
[EventCountry "RUS"]
[SourceTitle "EXT 2017"]
[Source "ChessBase"]
[SourceDate "2016.10.25"]
[SourceVersion "1"]
[SourceVersionDate "2016.10.25"]
[SourceQuality "1"]
[WhiteTeam "Tatarstan Rook"]
[BlackTeam "Dasmar Krasnoyarsk Region"]
[WhiteTeamCountry "RUS"]
[BlackTeamCountry "RUS"]

1. d4 Nf6 2. Bf4 Nh5 3. Bg5 h6 4. Bh4 g5 5. e3 Ng7 6. Bg3 d6 7. h3 c5 8. c3 Qb6
9. Qb3 Be6 10. Qxb6 axb6 11. Na3 Nc6 12. Nf3 Nh5 13. Bh2 Nf6 14. Bd3 Bg7 15.
O-O O-O 16. Rfe1 Rfc8 17. Nd2 Na5 18. Nb5 Bd7 19. a4 Nd5 20. Bf1 Nc7 21. Nxc7
Rxc7 22. d5 c4 23. e4 Nb3 24. Nxb3 cxb3 25. Ra3 Rxa4 26. Rxb3 f5 27. exf5 Bxf5
28. Rxb6 Ra5 29. Rb5 Ra2 30. Rb4 Bg6 31. Bg3 Bf7 32. Bc4 Ra5 33. Rd1 Bf6 34.
Bb3 Kg7 35. f3 Ra8 36. Bf2 h5 37. Bb6 Rcc8 38. Bd4 Rc7 39. Be3 Bg6 40. Kf2 Bf5
41. Ra4 Rh8 42. Bb6 Rcc8 43. Ra7 g4 44. hxg4 1-0

[Event "RUS-chT blitz"]
[Site "Sochi"]
[Date "2016.10.07"]
[Round "7.2"]
[White "Khismatullin, Denis Rimovich"]
[Black "Kamsky, Gata"]
[Result "0-1"]
[WhiteElo "2617"]
[BlackElo "2637"]
[PlyCount "86"]
[EventDate "2016.10.07"]
[EventType "team-swiss (blitz)"]
[EventRounds "15"]
[EventCountry "RUS"]
[SourceTitle "EXT 2017"]
[Source "ChessBase"]
[SourceDate "2016.10.25"]
[SourceVersion "1"]
[SourceVersionDate "2016.10.25"]
[SourceQuality "1"]
[WhiteTeam "Malachite Sverdlovsk Region"]
[BlackTeam "Tatarstan Rook"]
[WhiteTeamCountry "RUS"]
[BlackTeamCountry "RUS"]

1. Nf3 d5 2. g3 Nf6 3. Bg2 g6 4. d4 Bg7 5. c4 c6 6. b3 O-O 7. Bb2 Bf5 8. O-O
Ne4 9. e3 a5 10. Nc3 a4 11. Nxa4 dxc4 12. Nh4 Nd6 13. Nxf5 gxf5 14. Qc2 Nd7 15.
Nc5 cxb3 16. axb3 Nf6 17. Rxa8 Qxa8 18. h3 e6 19. Ra1 Qb8 20. g4 fxg4 21. hxg4
h6 22. e4 Nxg4 23. Nd7 Qd8 24. Nxf8 Bxf8 25. f3 Ne3 26. Qe2 Nxg2 27. Qxg2+ Kh7
28. Kf2 Bg7 29. Rg1 Ne8 30. Ke3 Qb6 31. Qc2 Nd6 32. Qd3 Kh8 33. Qc2 Qb5 34. d5
Qb6+ 35. Ke2 Qxg1 36. Bxg7+ Kxg7 37. Qc3+ f6 38. dxc6 bxc6 39. Qxc6 Qh2+ 40.
Ke3 Qe5 41. Qd7+ Nf7 42. Qb7 h5 43. b4 h4 0-1

[Event "RUS-chT blitz"]
[Site "Sochi"]
[Date "2016.10.07"]
[Round "8.2"]
[White "Kamsky, Gata"]
[Black "Romanov, Evgeny"]
[Result "1/2-1/2"]
[WhiteElo "2637"]
[BlackElo "2619"]
[PlyCount "66"]
[EventDate "2016.10.07"]
[EventType "team-swiss (blitz)"]
[EventRounds "15"]
[EventCountry "RUS"]
[SourceTitle "EXT 2017"]
[Source "ChessBase"]
[SourceDate "2016.10.25"]
[SourceVersion "1"]
[SourceVersionDate "2016.10.25"]
[SourceQuality "1"]
[WhiteTeam "Tatarstan Rook"]
[BlackTeam "St Petersburg SDYUSSHOR"]
[WhiteTeamCountry "RUS"]
[BlackTeamCountry "RUS"]

1. d4 Nf6 2. Bf4 d6 3. Nf3 g6 4. h3 Bg7 5. c3 O-O 6. e3 Nbd7 7. Bh2 c5 8. Be2
b6 9. O-O Bb7 10. a4 a6 11. Nbd2 Ne4 12. Nxe4 Bxe4 13. Qb3 Qc7 14. Rfd1 Qb7 15.
d5 Bxf3 16. Bxf3 b5 17. Be2 Rab8 18. axb5 axb5 19. Bf4 b4 20. c4 Ra8 21. h4
Rxa1 22. Rxa1 Ra8 23. Rb1 Ra5 24. h5 Qa7 25. hxg6 hxg6 26. Qd3 Ra1 27. b3 Qa2
28. Rxa1 Qxa1+ 29. Qd1 Qb2 30. Bd3 Be5 31. Bg5 Bf6 32. Bf4 Be5 33. Bg5 Bf6
1/2-1/2

[Event "RUS-chT blitz"]
[Site "Sochi"]
[Date "2016.10.07"]
[Round "9.3"]
[White "Zakhartsov, Vladimir"]
[Black "Kamsky, Gata"]
[Result "1/2-1/2"]
[WhiteElo "2452"]
[BlackElo "2637"]
[PlyCount "119"]
[EventDate "2016.10.07"]
[EventType "team-swiss (blitz)"]
[EventRounds "15"]
[EventCountry "RUS"]
[SourceTitle "EXT 2017"]
[Source "ChessBase"]
[SourceDate "2016.10.25"]
[SourceVersion "1"]
[SourceVersionDate "2016.10.25"]
[SourceQuality "1"]
[WhiteTeam "Moscow SSHOR Youth"]
[BlackTeam "Tatarstan Rook"]
[WhiteTeamCountry "RUS"]
[BlackTeamCountry "RUS"]

1. e4 g6 2. d4 Bg7 3. Nc3 d6 4. f4 a6 5. Nf3 b5 6. a4 b4 7. Nd5 a5 8. Bd3 e6 9.
Ne3 Nc6 10. O-O Nf6 11. e5 Nd5 12. Nxd5 exd5 13. Bb5 Bd7 14. f5 gxf5 15. Bg5
Qc8 16. Qe1 Nd8 17. Bf6 Bxf6 18. exf6+ Ne6 19. Ng5 Bxb5 20. axb5 h6 21. Nxe6
Qxe6 22. Qh4 Qe3+ 23. Kh1 Qg5 24. Rae1+ Kf8 25. Qxg5 hxg5 26. Rxf5 Rh6 27. Ref1
a4 28. Kg1 a3 29. bxa3 bxa3 30. Ra1 Ke8 31. h3 Kd7 32. Rf3 a2 33. c3 Ra5 34.
Rf2 Ra3 35. Raxa2 Rxa2 36. Rxa2 Rxf6 37. Rf2 Ke6 38. Rxf6+ Kxf6 39. Kf2 Kg6 40.
g3 f6 41. Kf3 Kh5 42. Kf2 Kg6 43. Kf3 Kh5 44. Kf2 Kg6 45. Kg2 Kh5 46. Kf3 f5
47. Kf2 Kh6 48. Kg2 Kg6 49. h4 Kh5 50. hxg5 Kxg5 51. Kf3 Kg6 52. Kf4 Kf6 53.
Kf3 Kg5 54. Kg2 Kg4 55. Kf2 f4 56. gxf4 Kxf4 57. Ke2 Ke4 58. Kd2 Kf3 59. Kd3
Kf4 60. Kd2 1/2-1/2

[Event "RUS-chT blitz"]
[Site "Sochi"]
[Date "2016.10.07"]
[Round "10.2"]
[White "Iljin, Timofey"]
[Black "Kamsky, Gata"]
[Result "1-0"]
[WhiteElo "2279"]
[BlackElo "2637"]
[PlyCount "141"]
[EventDate "2016.10.07"]
[EventType "team-swiss (blitz)"]
[EventRounds "15"]
[EventCountry "RUS"]
[SourceTitle "EXT 2017"]
[Source "ChessBase"]
[SourceDate "2016.10.25"]
[SourceVersion "1"]
[SourceVersionDate "2016.10.25"]
[SourceQuality "1"]
[WhiteTeam "Krymstar Crimea"]
[BlackTeam "Tatarstan Rook"]
[WhiteTeamCountry "RUS"]
[BlackTeamCountry "RUS"]

1. d4 d5 2. c4 c6 3. Nc3 Nf6 4. Nf3 a6 5. g3 dxc4 6. a4 a5 7. e4 Bg4 8. Be3 e6
9. h3 Bxf3 10. Qxf3 Na6 11. Bxc4 Nb4 12. Qe2 Be7 13. O-O O-O 14. Rad1 Qc7 15.
Bf4 Qb6 16. Be3 Qc7 17. Bf4 Qc8 18. g4 Re8 19. Bg3 Qd8 20. g5 Nd7 21. h4 Nb6
22. Bb3 Bd6 23. f4 c5 24. dxc5 Bxc5+ 25. Kg2 Qe7 26. h5 Nc6 27. Nb5 Rad8 28. g6
Kh8 29. gxf7 Rf8 30. Qg4 Rxd1 31. Rxd1 Qxf7 32. Bxe6 Qe7 33. f5 h6 34. Nc7 Qf6
35. Rd2 Ne5 36. Qf4 Nbc4 37. Bxc4 Nxc4 38. Re2 Bd6 39. Qg4 Bxg3 40. Qxg3 Ne5
41. Nd5 Qg5 42. Qxg5 hxg5 43. Nc7 Rc8 44. Ne6 g4 45. Kg3 Rc4 46. Nf4 Kh7 47.
Ng6 Nf7 48. Kxg4 Rxa4 49. Kf4 Nd6 50. Ne5 Rb4 51. Nd3 Rd4 52. Ne5 a4 53. Ng4 b5
54. h6 b4 55. hxg7 Kxg7 56. Ke5 Rd3 57. f6+ Kg6 58. Rg2 Nf7+ 59. Ke6 Ng5+ 60.
Ke7 Rd4 61. Ne5+ Kh6 62. Nf7+ Nxf7 63. Kxf7 Rxe4 64. Rh2+ Kg5 65. Kg7 Kf5 66.
f7 Re7 67. Rh4 a3 68. bxa3 bxa3 69. Ra4 Ke6 70. Ra6+ Kd5 71. Rxa3 1-0

[Event "RUS-chT blitz"]
[Site "Sochi"]
[Date "2016.10.07"]
[Round "11.4"]
[White "Golubov, Saveliy"]
[Black "Kamsky, Gata"]
[Result "0-1"]
[WhiteElo "2481"]
[BlackElo "2637"]
[PlyCount "174"]
[EventDate "2016.10.07"]
[EventType "team-swiss (blitz)"]
[EventRounds "15"]
[EventCountry "RUS"]
[SourceTitle "EXT 2017"]
[Source "ChessBase"]
[SourceDate "2016.10.25"]
[SourceVersion "1"]
[SourceVersionDate "2016.10.25"]
[SourceQuality "1"]
[WhiteTeam "NIU BSU Belgorod Region"]
[BlackTeam "Tatarstan Rook"]
[WhiteTeamCountry "RUS"]
[BlackTeamCountry "RUS"]

1. e4 c6 2. d3 d5 3. Nd2 g6 4. g3 Bg7 5. Bg2 e5 6. Ngf3 Ne7 7. O-O O-O 8. Re1
dxe4 9. dxe4 c5 10. c3 Nbc6 11. Qc2 a6 12. a4 Rb8 13. Nc4 b5 14. axb5 axb5 15.
Ne3 c4 16. Rd1 Qc7 17. Nd5 Nxd5 18. exd5 Bf5 19. Qe2 Bd3 20. Qe3 Ne7 21. Ne1
Nf5 22. Qa7 Qxa7 23. Rxa7 e4 24. Bf4 Rbd8 25. Nxd3 exd3 26. Rb7 g5 27. Bxg5 Rb8
28. Rc7 Be5 29. Rc6 f6 30. Bd2 Rfd8 31. Re6 Kf7 32. Be4 Ne7 33. Ra6 f5 34. Bf3
Nxd5 35. Bh5+ Kg8 36. Bg5 Rd7 37. Re1 Bg7 38. Rc6 b4 39. Rxc4 bxc3 40. bxc3
Nxc3 41. Bf3 d2 42. Bxd2 Rxd2 43. Rc7 Rb1 44. Rxb1 Nxb1 45. Rc5 Bd4 46. Rxf5
Bxf2+ 47. Kg2 Bd4+ 48. Kh3 Nc3 49. Rf4 Bg1 50. Bg2 Kg7 51. Rf1 Bd4 52. Bf3 h6
53. Re1 Rf2 54. Bc6 Bf6 55. Bg2 Ne2 56. Bf1 Ng1+ 57. Kg4 Rxh2 58. Rb1 h5+ 59.
Kf5 Rf2+ 60. Ke6 Ne2 61. Bh3 Nxg3 62. Rb7+ Kg6 63. Rb8 Re2+ 64. Kd5 Re5+ 65.
Kc4 h4 66. Kd3 Rd5+ 67. Ke3 Bg5+ 68. Kf3 Rd3+ 69. Kg4 Rd4+ 70. Kf3 Rf4+ 71. Kg2
Ne4 72. Rb2 Bf6 73. Rc2 Ng5 74. Bd7 Rf3 75. Rc5 h3+ 76. Bxh3 Rb3 77. Bf5+ Kh6
78. Kf1 Bd4 79. Rd5 Be3 80. Ke2 Bf4 81. Ra5 Re3+ 82. Kd1 Nf3 83. Kc2 Nd4+ 84.
Kb2 Be5 85. Ka2 Nxf5 86. Rb5 Nd4 87. Rd5 Kg5 0-1